Le Monde par lettre - L - Statistiques

Statistiques générales
  • Ce quiz a été pris 532 fois
  • Le résultat moyen est 11 sur 15
Statistiques - réponses
Indices Réponses % Correct
Fruits et ... Légumes
98%
Gauche en anglais Left
94%
Beyrouth est sa capitale Liban
92%
Prénom du joueur de football argentin Messi Lionel
92%
Ville la plus peuplée de la Californie Los Angeles
91%
Le Roi Soleil Louis XIV
91%
£ Livre Sterling
90%
Capitale du Pérou Lima
89%
Ville la plus peuplée de la France commençant par L Lyon
86%
Ville la plus peuplée d'Europe commençant par L Londres
70%
Plus gros pays commençant par L Libye
53%
Ville la plus peuplée du Nevada Las Vegas
52%
Capitale de l'Angola Luanda
48%
Mot anglais pour « confinement » Lockdown
41%
Prénom du frère Paul le plus âgé ET Montagne la plus haute du Canada Logan
15%
Aucun quiz correspondant
Distribution des résultats
% des personnes avec chaque résultat
Percentile par nombre de réponses
Votre historique - résultats
Vous n’avez pas pris ce quiz